| 000 | 00589nam a2200205Ia 4500 | ||
|---|---|---|---|
| 003 | OSt | ||
| 005 | 20251128155555.0 | ||
| 008 | 221004b |||||||| |||| 00| 0 eng d | ||
| 037 | _cTB | ||
| 040 |
_aCRL _cCRL _beng |
||
| 041 |
_2eng _aeng |
||
| 084 |
_aTN6 M9 _qCL |
||
| 100 |
_aParer, Michel S Ed. _9585201 |
||
| 245 | 0 | _aDevelopment design and distance education | |
| 260 |
_aChurchill: _bCenter for distance learning; _c1989. |
||
| 300 |
_a277p _ccm. |
||
| 650 |
_aEDUCATION _9853578 |
||
| 942 |
_hT4:8.8'N9 M9 _cTB _2CC _n0 |
||
| 999 |
_c939834 _d939834 |
||